000 00754nmc a2200301 a 4500
003 AR-BaBNM
005 20251128211410.0
008 234020s1999 ||||||||||||||000 | spa||
020 _a950-23-0948-0
040 _cAR-BaBNM
245 1 0 _aBorges y la ciencia
250 _a1ª ed.
260 _aBuenos Aires
_bEudeba
_c1999
300 _a152 p.
490 0 _aColección CEA
_v23
650 4 _aLITERATURA ARGENTINA
650 4 _aCRITICA LITERARIA
650 4 _aCIENCIA
650 4 _aANTOLOGIAS
650 4 _aLITERATURA CONTEMPORANEA
653 _aESTUDIOS LITERARIOS
653 _aPENSAMIENTO CIENTIFICO
655 _aLITERATURA
700 1 _aKodama, María
_eprologuista
800 1 _aSlapak, Sara
942 _cBK
998 _cmartin
999 _c19519
_d19519